000 00337 a2200157 4500
001 61999
020 _a9788588483385
040 _cAnchieta - Pituba
100 _aArmond, Edgard
240 1 0 _aOs exilados da capela
_lpor
245 1 0 _aOs exilados da capela
300 _a192
362 0 _a2011
650 4 _aEspiritismo
942 _cBK
999 _c61999
_d61999